000 00817cpmaa2200253 4500
001 mm 79000451
003 DLC
005 20260227111631.0
008 790403|||||||||||| eng
010 _amm 79000451
040 _aDLC
_cDLC
_edacs
_dDLC
072 7 _aL
_2lcmd
100 1 _aCatlin, George,
_d1796-1872.
245 0 0 _aGeorge Catlin correspondence,
_f1860.
300 _a1
_fitem.
506 0 _aOpen to research.
545 0 _aArtist and author.
546 _aCollection material in English.
580 _aForms part of: Miscellaneous Manuscripts collection.
656 7 _aArtists.
_2itoamc
656 7 _aAuthors.
_2itoamc
999 _c40393
_d40393